| Tag |
First Indicator |
Second Indicator |
Subfields |
| LEADER |
00000cam a22000001 4500 |
| 001 |
in00002006809 |
| 005 |
20151031125834.0 |
| 008 |
990528s1971 ru 000 1 ruso |
| 010 |
|
|
|a 72348086
|
| 015 |
|
|
|a USSR 71-VKP
|
| 035 |
|
|
|a (OCoLC)ocm12030941
|
| 040 |
|
|
|a DLC
|c DLC
|d SOI
|d TXA
|d UtOrBLW
|
| 049 |
|
|
|a TXAM
|
| 050 |
0 |
0 |
|a PG3476.L56
|b P4
|
| 090 |
|
|
|a PG3476.L56
|b P4 1971
|
| 092 |
|
|
|a 891.734
|b L714
|
| 100 |
1 |
|
|a Lidin, Vladimir Germanovich,
|d 1894-1979.
|
| 245 |
1 |
0 |
|a Pesni︠a︡ lodochnikov. :
|b Rasskazy.
|
| 264 |
|
1 |
|a Moskva :
|b "Sovremennik,",
|c 1971.
|
| 300 |
|
|
|a 207 pages ;
|c 27 cm.
|
| 336 |
|
|
|a text
|b txt
|2 rdacontent
|
| 337 |
|
|
|a unmediated
|b n
|2 rdamedia
|
| 338 |
|
|
|a volume
|b nc
|2 rdacarrier
|
| 500 |
|
|
|a At head of title: Vl. Lidin.
|
| 948 |
|
|
|a cataloged
|b h
|c 2004/10/29
|d c
|e spoltoratski
|f 1:36:14 pm
|
| 994 |
|
|
|a E0
|b TXA
|
| 999 |
|
|
|a MARS
|
| 999 |
f |
f |
|s 36ade705-5a70-3454-864a-661a96d1bc97
|i f5acd696-7b33-3934-8fb4-8747785e8c90
|t 0
|
| 952 |
f |
f |
|p ric
|a Texas A&M University
|b Rellis Campus
|c Joint Library Facility
|d Remote Storage
|t 0
|e PG3476.L56 P4 1971
|h Library of Congress classification
|i unmediated -- volume
|m A14831378158
|
| 998 |
f |
f |
|a PG3476.L56 P4 1971
|t 0
|l Remote Storage
|